<?xml version="1.0" encoding="UTF-8"?>
<record
    xmlns:xsi="http://www.w3.org/2001/XMLSchema-instance"
    xsi:schemaLocation="http://www.loc.gov/MARC21/slim http://www.loc.gov/standards/marcxml/schema/MARC21slim.xsd"
    xmlns="http://www.loc.gov/MARC21/slim">

  <leader>01119nam a22002417a 4500</leader>
  <controlfield tag="005">20120112143825.0</controlfield>
  <controlfield tag="008">120112t        xxu||||| |||| 00| 0 mar d</controlfield>
  <datafield tag="010" ind1=" " ind2=" ">
    <subfield code="a">MAR-22170</subfield>
  </datafield>
  <datafield tag="020" ind1=" " ind2=" ">
    <subfield code="c">330.00</subfield>
  </datafield>
  <datafield tag="035" ind1=" " ind2=" ">
    <subfield code="a">MR-14828</subfield>
  </datafield>
  <datafield tag="037" ind1=" " ind2=" ">
    <subfield code="b">DBAD/PUB</subfield>
  </datafield>
  <datafield tag="040" ind1=" " ind2=" ">
    <subfield code="a">DPL</subfield>
    <subfield code="b">MR</subfield>
  </datafield>
  <datafield tag="082" ind1=" " ind2=" ">
    <subfield code="a">891.463</subfield>
  </datafield>
  <datafield tag="100" ind1=" " ind2=" ">
    <subfield code="9">39079</subfield>
    <subfield code="a">&#x935;&#x921;&#x92E;&#x93E;&#x930;&#x947;, &#x930;&#x93E;&#x91C;&#x947;&#x902;&#x926;&#x94D;&#x930;</subfield>
  </datafield>
  <datafield tag="245" ind1=" " ind2=" ">
    <subfield code="a">&#x92E;&#x939;&#x92E;&#x947;&#x930;&#x942; /</subfield>
    <subfield code="c">&#x930;&#x93E;&#x91C;&#x947;&#x902;&#x926;&#x94D;&#x930; &#x935;&#x921;&#x92E;&#x93E;&#x930;&#x947;</subfield>
  </datafield>
  <datafield tag="246" ind1=" " ind2=" ">
    <subfield code="a">Mahameru</subfield>
    <subfield code="b">by Rajendra Vadmare</subfield>
  </datafield>
  <datafield tag="260" ind1=" " ind2=" ">
    <subfield code="a">&#x92E;&#x93E;&#x91C;&#x932;&#x917;&#x93E;&#x935;</subfield>
    <subfield code="b">&#x92E;&#x940;&#x930;&#x93E; &#x92C;&#x941;&#x915;&#x94D;&#x938; &#x905;&#x901;&#x921; &#x92A;&#x92C;&#x94D;&#x932;&#x93F;&#x915;&#x947;&#x936;&#x928;</subfield>
    <subfield code="c">2011</subfield>
  </datafield>
  <datafield tag="270" ind1=" " ind2=" ">
    <subfield code="a">'&#x91C;&#x93F;&#x91C;&#x93E;&#x90A; ' &#x915;&#x93E;&#x932;&#x940;&#x915;&#x928;&#x917;&#x930;,&#x928;&#x935;&#x940;&#x928; &#x938;&#x94D;&#x91F;&#x945;&#x928;&#x94D;&#x921;&#x938;&#x92E;&#x94B;&#x930;,</subfield>
    <subfield code="b">&#x92E;&#x93E;&#x91C;&#x932;&#x917;&#x93E;&#x935;</subfield>
  </datafield>
  <datafield tag="300" ind1=" " ind2=" ">
    <subfield code="a">336&#x92A;&#x943;</subfield>
    <subfield code="c">22&#x938;&#x947;&#x92E;&#x940;(&#x905;&#x91C;&#x93F;&#x932;&#x94D;&#x926;)</subfield>
  </datafield>
  <datafield tag="650" ind1=" " ind2=" ">
    <subfield code="a">&#x92E;&#x930;&#x93E;&#x920;&#x940; &#x915;&#x93E;&#x926;&#x902;&#x92C;&#x930;&#x940;</subfield>
    <subfield code="x">&#x91A;&#x930;&#x93F;&#x924;&#x94D;&#x930;&#x93E;&#x924;&#x94D;&#x92E;&#x915;</subfield>
    <subfield code="9">47922</subfield>
  </datafield>
  <datafield tag="942" ind1=" " ind2=" ">
    <subfield code="2">ddc</subfield>
    <subfield code="c">MR</subfield>
    <subfield code="m">&#x935;&#x921;&#x92E;&#x93E;</subfield>
    <subfield code="h">891.463</subfield>
  </datafield>
  <datafield tag="999" ind1=" " ind2=" ">
    <subfield code="c">67160</subfield>
    <subfield code="d">67160</subfield>
  </datafield>
  <datafield tag="952" ind1=" " ind2=" ">
    <subfield code="0">0</subfield>
    <subfield code="1">0</subfield>
    <subfield code="2">ddc</subfield>
    <subfield code="4">0</subfield>
    <subfield code="7">1</subfield>
    <subfield code="8">FIC</subfield>
    <subfield code="a">DBAD</subfield>
    <subfield code="b">DBAD</subfield>
    <subfield code="d">2012-05-25</subfield>
    <subfield code="e">DBAD / PUB</subfield>
    <subfield code="g">330.00</subfield>
    <subfield code="l">0</subfield>
    <subfield code="o">891.463 &#x935;&#x921;&#x92E;&#x93E;</subfield>
    <subfield code="p">MR-14828</subfield>
    <subfield code="r">2012-05-25 00:00:00</subfield>
    <subfield code="t">1</subfield>
    <subfield code="v">330.00</subfield>
    <subfield code="w">2012-05-25</subfield>
    <subfield code="y">MR</subfield>
  </datafield>
</record>
